Alzheimer's disease in primary care. / (Record no. 6879)
[ view plain ]
| 000 -LEADER | |
|---|---|
| fixed length control field | 00920nam a22001817a 4500 |
| 008 - FIXED-LENGTH DATA ELEMENTS--GENERAL INFORMATION | |
| fixed length control field | 190802b xxu||||| |||| 00| 0 eng d |
| 020 ## - INTERNATIONAL STANDARD BOOK NUMBER | |
| International Standard Book Number | 1853174890 |
| 050 ## - LIBRARY OF CONGRESS CALL NUMBER | |
| Classification number | RC523.G38 |
| 100 ## - MAIN ENTRY--PERSONAL NAME | |
| Personal name | Gauthier, Serge. |
| 245 ## - TITLE STATEMENT | |
| Title | Alzheimer's disease in primary care. / |
| Statement of responsibility, etc. | Serge Gauthier. |
| 260 ## - PUBLICATION, DISTRIBUTION, ETC. | |
| Place of publication, distribution, etc. | London: |
| Name of publisher, distributor, etc. | Martin Dunitz, |
| Date of publication, distribution, etc. | 1997. |
| 300 ## - PHYSICAL DESCRIPTION | |
| Extent | viii, 56 p.: |
| Other physical details | ill.; |
| Dimensions | 19cm |
| 500 ## - GENERAL NOTE | |
| General note | Includes appendix and index. |
| 505 ## - FORMATTED CONTENTS NOTE | |
| Formatted contents note | Contents: What is Alzheimer's disease? -- Clinical diagnosis -- Investigations -- Treatment of cognitive defects -- Treatment of neuropsychiatric features -- Patient and family support -- The role of the primary care practitioner -- Future prospects -- Appendix 1: User-friendly mini-mental state examination -- Appendix 2: Diagnostic criteria -- Appendix 3: Alzheimer's disease international contact information. |
| 700 ## - ADDED ENTRY--PERSONAL NAME | |
| Personal name | Burns, Alistair. |
| 700 ## - ADDED ENTRY--PERSONAL NAME | |
| Personal name | Pettit, William. |
| 942 ## - ADDED ENTRY ELEMENTS (KOHA) | |
| Source of classification or shelving scheme | Library of Congress Classification |
| Koha item type | Books |
| Withdrawn status | Lost status | Source of classification or shelving scheme | Damaged status | Not for loan | Home library | Current library | Date acquired | Total Checkouts | Full call number | Barcode | Date last seen | Price effective from | Koha item type |
|---|---|---|---|---|---|---|---|---|---|---|---|---|---|
| Library of Congress Classification | WISCONSIN INTERNATIONAL UNIVERSITY COLLEGE, GHANA - MAIN LIBRARY | WISCONSIN INTERNATIONAL UNIVERSITY COLLEGE, GHANA - MAIN LIBRARY | 07/08/2019 | RC523.G38 | NURS/583/245/19 | 07/08/2019 | 07/08/2019 | Books |
